000 00546nam a2200205 a 4500
999 _c9380
_d9380
001 9380
003 BD-JhCC
005 20180313171234.0
008 180313s1980 ii |||| |||| 000 0 eng d
035 _a(BD-JhCC)
040 _aBD-JhCC
_dBD-JhCC
041 _aeng
082 _a327.091724
_bAYO 1980
100 _aAyoob, Mohammed
245 _aConflict and Intervention in the Third World /
_cMohammed Ayoob
260 _aIndia:
_bVikas Publishing House Pvt Ltd,
_c1980
300 _a261 p;
_c22 cn
650 _aWorld Politics
942 _2ddc
_cBK